00514nam a2200169Ia 4500003000900000008004100009040001600050080001500066100001800081245008000099260003300179300001500212490003300227650004100260650001900301650002400320IN-BaIIA211028s9999 xx 000 0 eng d cIIA Library a530.1bWIL aWilson, H. A. 0aModern physicscH. A. Wilson  aLondonbBlackie & Sonsc1928 axiv, 381p. aThe student's physics; v. VI aAstronomy and Astrophysics Thesaurus aModern Physics aTheoretical Physics